Angry Birds Transformers: Pigs by Picture - Statistics

General Stats
  • This quiz has been taken 18 times
  • The average score is 18 of 27
Answer Stats
Picture Answer % Correct
Barricade
100%
Galvatron
88%
Shockwave
88%
Soundwave
88%
Starscream
88%
Cyclonus
82%
Devastator
82%
Scorponok
82%
Soundblaster
82%
Acid Storm
76%
Bludgeon
76%
Megatron
76%
Thundercracker
76%
Lockdown
71%
Brawl
65%
Breakdown
65%
Dirge
65%
Ramjet
65%
Skywarp
65%
Menasor
59%
Motormaster
35%
Sunstorm
35%
Thrust
35%
Dead End
29%
Novastorm
29%
Drag Strip
24%
Ionstorm
24%
No matching quizzes found
Score Distribution
Percent of People with Each Score
Percentile by Number Answered
Your Score History
You have not taken this quiz